[Event "43rd IT Bosna 2013 - A"]
[Site "Sarajevo"]
[Date "2013.06.01"]
[Round "1.1"]
[White "Erdos, Viktor"]
[Black "Kadric, Denis"]
[Result "1-0"]
[WhiteElo "2645"]
[BlackElo "2460"]
[PlyCount "63"]
[EventDate "2013.06.01"]

1. Nf3 g6 2. d4 d6 3. c4 Bg7 4. g3 Nf6 5. Bg2 O-O 6. Nc3 Nc6 7. O-O a6 8. Bf4
Rb8 9. Rc1 Bd7 10. Qd2 Re8 11. Rfd1 e6 12. d5 Ne7 13. dxe6 Bxe6 14. b3 Nc6 15.
Bg5 Qc8 16. Ne1 Ng4 17. h3 h6 18. Bf4 Nge5 19. h4 Kh7 20. Nd5 Ne7 21. Nc2 Nf5
22. e4 Ne7 23. Nce3 f6 24. c5 dxc5 25. Rxc5 c6 26. Nxf6+ Bxf6 27. Bxe5 Bxe5 28.
Rxe5 Ng8 29. Qd6 Bf7 30. Rxe8 Qxe8 31. Qc7 Kg7 32. Rd7 1-0

[Event "43rd IT Bosna 2013 - A"]
[Site "Sarajevo"]
[Date "2013.06.01"]
[Round "1.2"]
[White "Jakovljevic, Vlado"]
[Black "Predojevic, Borki"]
[Result "1/2-1/2"]
[WhiteElo "2440"]
[BlackElo "2616"]
[PlyCount "43"]
[EventDate "2013.06.01"]

1. d4 d5 2. c4 c6 3. Nf3 Nf6 4. e3 Bf5 5. Nc3 a6 6. Bd3 Bg6 7. Ne5 e6 8. O-O
Nbd7 9. Nxg6 hxg6 10. g3 Be7 11. cxd5 exd5 12. Qf3 Nf8 13. e4 dxe4 14. Bxe4 Qd7
15. Rd1 Nxe4 16. Qxe4 Qh3 17. Qg2 Rd8 18. Qxh3 Rxh3 19. d5 cxd5 20. Nxd5 Ne6
21. Be3 Rh5 22. Nxe7 1/2-1/2

[Event "43rd IT Bosna 2013 - A"]
[Site "Sarajevo"]
[Date "2013.06.01"]
[Round "1.4"]
[White "Nestorovic, Dejan"]
[Black "Markus, Robert"]
[Result "1/2-1/2"]
[WhiteElo "2428"]
[BlackElo "2611"]
[PlyCount "54"]
[EventDate "2013.06.01"]

1. d4 Nf6 2. c4 e6 3. Nc3 Bb4 4. Qc2 O-O 5. a3 Bxc3+ 6. Qxc3 Qe8 7. e3 d6 8.
Bd3 e5 9. dxe5 dxe5 10. Ne2 a5 11. b3 Nfd7 12. Bb2 Nc5 13. Bc2 f6 14. O-O Kh8
15. Ng3 a4 16. b4 Nb3 17. Bxb3 axb3 18. f4 exf4 19. exf4 Be6 20. f5 Bf7 21.
Qxb3 Qc6 22. Qc3 Bxc4 23. Rf2 Nd7 24. Rd2 Ne5 25. Rad1 Rfe8 26. h3 Qb6+ 27. Kh2
Bf7 1/2-1/2

[Event "43rd IT Bosna 2013 - A"]
[Site "Sarajevo"]
[Date "2013.06.01"]
[Round "1.5"]
[White "Kozul, Zdenko"]
[Black "Haznedaroglu, Kivanc"]
[Result "1-0"]
[WhiteElo "2606"]
[BlackElo "2427"]
[PlyCount "61"]
[EventDate "2013.06.01"]

1. d4 d5 2. c4 c6 3. Nc3 Nf6 4. cxd5 cxd5 5. Nf3 g6 6. e3 Bg7 7. Bb5+ Bd7 8.
Qb3 Bxb5 9. Qxb5+ Qd7 10. Ne5 Qxb5 11. Nxb5 Na6 12. b3 Nd7 13. Nd3 Bf8 14. Ba3
e6 15. Bxf8 Kxf8 16. Rc1 Ke7 17. Kd2 Rhd8 18. f3 Nf6 19. Rc3 Ne8 20. Rhc1 f6
21. a4 g5 22. h4 gxh4 23. Rh1 f5 24. Rxh4 Nf6 25. Rh6 Kf7 26. Rc1 Kg7 27. Rch1
Rd7 28. Ne5 Re7 29. g4 Rh8 30. gxf5 exf5 31. Nd6 1-0

[Event "43rd IT Bosna 2013 - A"]
[Site "Sarajevo"]
[Date "2013.06.01"]
[Round "1.6"]
[White "Nestorovic, Nikola"]
[Black "Banusz, Tamas"]
[Result "1-0"]
[WhiteElo "2405"]
[BlackElo "2592"]
[PlyCount "137"]
[EventDate "2013.06.01"]

1. e4 e5 2. Nf3 Nc6 3. Bb5 a6 4. Ba4 Nf6 5. d3 d6 6. c4 g6 7. Nc3 Bg7 8. O-O
O-O 9. h3 h6 10. Re1 Nd7 11. Bxc6 bxc6 12. d4 exd4 13. Nxd4 Ne5 14. Qe2 Rb8 15.
b3 c5 16. Nf3 f5 17. Nxe5 Bxe5 18. Bb2 f4 19. f3 Bd4+ 20. Kf1 g5 21. Nd1 Qf6
22. Bxd4 cxd4 23. Nf2 Re8 24. c5 Rb5 25. Rac1 dxc5 26. Nd3 Qb6 27. Qc2 a5 28.
Nxc5 Rb4 29. Red1 Rd8 30. Nd3 Ba6 31. Qxc7 Qxc7 32. Rxc7 a4 33. Ke1 Rb6 34. Nc5
axb3 35. axb3 Bb5 36. Ra1 Rg6 37. Ra5 Be8 38. Kd2 Rb8 39. Raa7 Bb5 40. e5 Re8
41. Rab7 Ba6 42. Ra7 Bb5 43. Rab7 Ba6 44. Ra7 Bb5 45. Nd3 Rge6 46. Rg7+ Kh8 47.
Rh7+ Kg8 48. Nc5 Rg6 49. Ne4 Rxe5 50. Rhf7 Ree6 51. Rfb7 Bc6 52. Rb8+ Re8 53.
Rxe8+ Bxe8 54. Ra8 Rb6 55. Kd3 Kf7 56. Kxd4 Ke7 57. Ra7+ Kf8 58. Kc3 Rc6+ 59.
Kd3 Bf7 60. b4 Rb6 61. Kc3 Rb8 62. Nd6 Be6 63. b5 Rb6 64. Ra6 Rb8 65. Kd4 Ke7
66. Kc5 Bc8 67. Ra7+ Bd7 68. b6 Kd8 69. Rc7 1-0

[Event "43rd IT Bosna 2013 - A"]
[Site "Sarajevo"]
[Date "2013.06.01"]
[Round "1.7"]
[White "Papp, Gabor"]
[Black "Bejtovic, Jasmin"]
[Result "1-0"]
[WhiteElo "2582"]
[BlackElo "2397"]
[PlyCount "81"]
[EventDate "2013.06.01"]

1. e4 c5 2. Nf3 Nc6 3. d4 cxd4 4. Nxd4 g6 5. c4 Nf6 6. Nc3 d6 7. Be2 Bg7 8. Be3
O-O 9. O-O Nxd4 10. Bxd4 Bd7 11. Qd2 Bc6 12. f3 a5 13. b3 Nd7 14. Be3 Nc5 15.
Rab1 Qb6 16. Rfc1 Rfc8 17. Rc2 Qd8 18. Bf1 h5 19. Nd5 Kh7 20. Bg5 Bxd5 21. exd5
Bf6 22. Be3 Qh8 23. Kh1 h4 24. a3 a4 25. b4 Nb3 26. Qf2 Kg8 27. Rd1 Qh5 28. Be2
h3 29. g3 Na1 30. f4 Qf5 31. Rcc1 Nb3 32. g4 Qd7 33. Rc2 e5 34. dxe6 Qxe6 35.
f5 Qe7 36. Bf3 Bh4 37. Qg1 Kh7 38. Bf4 d5 39. Re2 Qf6 40. Be5 Qg5 41. Bxd5 1-0

[Event "43rd IT Bosna 2013 - A"]
[Site "Sarajevo"]
[Date "2013.06.01"]
[Round "1.8"]
[White "Rasidovic, Sead"]
[Black "Kovacevic, Aleksandar"]
[Result "0-1"]
[WhiteElo "2381"]
[BlackElo "2557"]
[PlyCount "124"]
[EventDate "2013.06.01"]

1. e4 c5 2. Nf3 d6 3. d4 cxd4 4. Nxd4 Nf6 5. Nc3 a6 6. Be2 e6 7. O-O Be7 8. a4
O-O 9. f4 Nc6 10. Nb3 b6 11. Kh1 Bb7 12. Bf3 Nb4 13. Qe2 Qc7 14. Be3 Nd7 15.
Rfc1 Nc5 16. Nd2 Bf6 17. Nd1 e5 18. f5 Rac8 19. Nf2 a5 20. Qf1 Qd8 21. c3 Nc6
22. Rd1 Bg5 23. Bxg5 Qxg5 24. Be2 Rcd8 25. Bc4 Ne7 26. b4 Nd7 27. Nf3 Qh6 28.
Rd3 Nf6 29. Re1 Nxf5 30. Ng1 d5 31. exd5 Nxd5 32. Rh3 Qg6 33. Bxd5 Rxd5 34. Ne4
axb4 35. Rf3 Bc8 36. cxb4 Rd4 37. Nc3 f6 38. a5 bxa5 39. bxa5 Be6 40. Nge2 Rd2
41. Ra1 Nd4 42. Rg3 Qc2 43. Rc1 Qf5 44. Qe1 Nxe2 45. Nxe2 Ra2 46. Ra1 Rxa1 47.
Qxa1 Qc2 48. Nc3 Ra8 49. h3 Qf2 50. Kh2 Qa7 51. Ne4 Kh8 52. Ra3 Bd5 53. Nc3 Bc6
54. Qg1 Qe7 55. Qa1 e4 56. Ne2 Qd6+ 57. Kg1 h6 58. Nd4 Bb7 59. Kh1 Qd5 60. Nc2
Qd2 61. Ne3 Rc8 62. Nf1 Rc1 0-1

[Event "43rd IT Bosna 2013 - A"]
[Site "Sarajevo"]
[Date "2013.06.01"]
[Round "1.9"]
[White "Grandelius, Nils"]
[Black "Nestorovic, Lazar"]
[Result "1-0"]
[WhiteElo "2544"]
[BlackElo "2380"]
[PlyCount "75"]
[EventDate "2013.06.01"]

1. e4 Nc6 2. Nf3 d6 3. d4 g6 4. d5 Nb8 5. c4 Bg7 6. Be2 Nf6 7. Nc3 O-O 8. O-O
Bg4 9. Be3 Bxf3 10. Bxf3 Nfd7 11. Qd2 Na6 12. Rab1 c6 13. Be2 Nac5 14. f3 a5
15. b3 f5 16. exf5 gxf5 17. f4 Rc8 18. dxc6 bxc6 19. Bf3 Qb6 20. Ne2 Qb4 21.
Qd1 Ne4 22. Bxe4 fxe4 23. Ng3 Nf6 24. Nf5 Qb7 25. Qe1 Ne8 26. Nxg7 Nxg7 27. Bd4
d5 28. Qxa5 Nf5 29. Qc5 Nxd4 30. Qxd4 e6 31. Qe5 Rce8 32. b4 Qa7+ 33. c5 Qg7
34. a4 Qxe5 35. fxe5 d4 36. Rbd1 e3 37. Rxd4 e2 38. Re1 1-0

[Event "43rd IT Bosna 2013 - A"]
[Site "Sarajevo"]
[Date "2013.06.01"]
[Round "1.10"]
[White "Burovic, Ismet"]
[Black "Djukic, Nikola"]
[Result "0-1"]
[WhiteElo "2351"]
[BlackElo "2539"]
[PlyCount "62"]
[EventDate "2013.06.01"]

1. e4 c5 2. d3 Nc6 3. f4 g6 4. Nf3 Bg7 5. g3 d6 6. Bg2 e6 7. O-O Nge7 8. c3 O-O
9. Be3 b6 10. Na3 Qd7 11. Nc2 Ba6 12. Rf2 f5 13. Rd2 Rad8 14. exf5 Nxf5 15. Bf2
e5 16. fxe5 Nxe5 17. Nxe5 dxe5 18. g4 Ne7 19. Bh4 Bh6 20. Re2 Bf4 21. Bxe7 Qxe7
22. Be4 Qd7 23. Ne3 c4 24. Nd5 cxd3 25. Qb3 Kh8 26. Rg2 Qd6 27. Nb4 Qc5+ 28.
Kh1 Bc4 29. Qa4 a5 30. Nc6 Bb5 31. b4 Qc4 0-1

[Event "43rd IT Bosna 2013 - A"]
[Site "Sarajevo"]
[Date "2013.06.01"]
[Round "1.12"]
[White "Sutkovic, Damir"]
[Black "Stojanovic, Dalibor"]
[Result "1/2-1/2"]
[WhiteElo "2331"]
[BlackElo "2514"]
[PlyCount "101"]
[EventDate "2013.06.01"]

1. d4 Nf6 2. c4 e6 3. Nc3 d5 4. Nf3 c6 5. cxd5 exd5 6. Bg5 Be7 7. Qc2 Nbd7 8.
e3 Nh5 9. Bxe7 Qxe7 10. O-O-O Nb6 11. h3 g6 12. Bd3 Be6 13. Kb1 Ng7 14. Ne5 f6
15. Ng4 O-O-O 16. Rhe1 Kb8 17. Ka1 Rhf8 18. Nh2 Bf5 19. Nf3 Rfe8 20. Na4 Be4
21. Bxe4 Qxe4 22. Qb3 Nxa4 23. Qxa4 Nf5 24. Rc1 Nd6 25. Qc2 g5 26. Qxe4 Nxe4
27. Rf1 h5 28. g3 Kc7 29. Rc2 Kd7 30. b3 Rh8 31. h4 Ke6 32. Rh1 Rdg8 33. Kb2
Nd6 34. Kc1 a5 35. a4 Ne4 36. Kd1 Kd6 37. Ke2 Rg7 38. Nd2 Nxd2 39. Kxd2 b6 40.
Kd3 Re7 41. Rhc1 Rc7 42. Rh1 Re7 43. Rhc1 Rc8 44. Rh1 g4 45. Rhc1 f5 46. Rc3
Rb7 47. Ra1 Rcc7 48. Ra2 Rb8 49. Ra1 Rbb7 50. Ra2 Rb8 51. Ra1 1/2-1/2

[Event "43rd IT Bosna 2013 - A"]
[Site "Sarajevo"]
[Date "2013.06.01"]
[Round "1.14"]
[White "Forsberg, Viktor"]
[Black "Can, Emre"]
[Result "0-1"]
[WhiteElo "2286"]
[BlackElo "2475"]
[PlyCount "60"]
[EventDate "2013.06.01"]

1. e4 c5 2. Nf3 d6 3. d4 cxd4 4. Nxd4 Nf6 5. Nc3 Nc6 6. Bc4 Qb6 7. Nb3 e6 8.
Bf4 Ne5 9. Be2 Bd7 10. Qd2 a6 11. O-O-O Qc7 12. Bg3 b5 13. f4 b4 14. fxe5 bxc3
15. Qd4 cxb2+ 16. Kxb2 dxe5 17. Bxe5 Qa7 18. Bxf6 gxf6 19. Qxf6 Rg8 20. e5 Bg7
21. Qf4 Qc7 22. Kb1 Bxe5 23. Qe4 Rc8 24. c4 Bc6 25. Qxh7 Rg7 26. Qh4 a5 27.
Rhf1 a4 28. Nd4 Qb7+ 29. Nb5 Be4+ 30. Kc1 Rxg2 0-1

[Event "43rd IT Bosna 2013 - A"]
[Site "Sarajevo"]
[Date "2013.06.02"]
[Round "2.1"]
[White "Djukic, Nikola"]
[Black "Erdos, Viktor"]
[Result "0-1"]
[WhiteElo "2539"]
[BlackElo "2645"]
[PlyCount "72"]
[EventDate "2013.06.01"]

1. e4 e5 2. Nf3 Nc6 3. Bb5 a6 4. Ba4 Nf6 5. O-O Nxe4 6. d4 Be7 7. Re1 b5 8. d5
Nc5 9. Bb3 Na5 10. Nxe5 d6 11. Nd3 O-O 12. Nc3 Bf5 13. Nf4 Qd7 14. Be3 Rfe8 15.
Bd4 Bg5 16. Nce2 Bh6 17. Nh5 Bg6 18. Nhg3 Nab7 19. c4 Na5 20. cxb5 Naxb3 21.
axb3 Qxb5 22. Bxc5 Qxc5 23. Nc3 Qb6 24. Rxe8+ Rxe8 25. h4 f5 26. h5 f4 27. Nf1
Bf7 28. Nd2 f3 29. Nc4 Qb8 30. Qxf3 Qxb3 31. Qg4 Qc2 32. g3 Bc1 33. Rxa6 Bxb2
34. Nxb2 Qxc3 35. Nd1 Qe1+ 36. Kh2 Bxd5 0-1

[Event "43rd IT Bosna 2013 - A"]
[Site "Sarajevo"]
[Date "2013.06.02"]
[Round "2.2"]
[White "Can, Emre"]
[Black "Kozul, Zdenko"]
[Result "1-0"]
[WhiteElo "2475"]
[BlackElo "2606"]
[PlyCount "109"]
[EventDate "2013.06.01"]

1. d4 Nf6 2. c4 g6 3. Nc3 Bg7 4. e4 d6 5. Nf3 O-O 6. h3 Na6 7. Bg5 h6 8. Be3 e5
9. d5 Nc5 10. Nd2 a5 11. g4 Bd7 12. Be2 c6 13. h4 a4 14. g5 hxg5 15. hxg5 Nh7
16. Rg1 Qa5 17. Qb1 Rfc8 18. f3 cxd5 19. Nxd5 Qd8 20. Qc2 Rc6 21. Nb1 Ne6 22.
Qd2 Nf4 23. Nbc3 Nxg5 24. O-O-O Nge6 25. Rh1 a3 26. b3 g5 27. Kb1 Be8 28. Bf1
f6 29. Nxf4 Nxf4 30. Bxf4 exf4 31. Nd5 Bd7 32. Qh2 Qe8 33. Bh3 Bxh3 34. Qxh3
Qe5 35. Rd2 Re8 36. Qh7+ Kf8 37. Qg6 b5 38. Rdh2 f5 39. Qxf5+ Qxf5 40. exf5 Be5
41. f6 Kf7 42. Rh7+ Ke6 43. cxb5 Kxd5 44. bxc6 Kxc6 45. f7 Rf8 46. R1h6 g4 47.
fxg4 Kd5 48. g5 f3 49. g6 f2 50. Rh1 Ke4 51. g7 Bxg7 52. Rxg7 Ke3 53. Kc2 d5
54. Kd1 d4 55. Rh3+ 1-0

[Event "43rd IT Bosna 2013 - A"]
[Site "Sarajevo"]
[Date "2013.06.02"]
[Round "2.4"]
[White "Kovacevic, Aleksandar"]
[Black "Batricevic, Sasa"]
[Result "1-0"]
[WhiteElo "2557"]
[BlackElo "2252"]
[PlyCount "75"]
[EventDate "2013.06.01"]

1. e4 e5 2. Nf3 Nc6 3. Bb5 g6 4. c3 a6 5. Ba4 d6 6. d4 Bd7 7. O-O Bg7 8. d5 Nb8
9. c4 Ne7 10. Nc3 O-O 11. Bxd7 Nxd7 12. Be3 h6 13. Nd2 f5 14. f3 Nf6 15. c5 g5
16. Nc4 fxe4 17. fxe4 Ng6 18. Qb3 Rb8 19. cxd6 cxd6 20. Qb6 Ne8 21. Ne2 Qd7 22.
Ng3 Nh4 23. Bd2 Bf6 24. Bb4 Rd8 25. Rac1 Be7 26. Rxf8+ Bxf8 27. Rf1 Ng7 28. Rf6
Be7 29. Rxh6 Qg4 30. Ne3 Qf4 31. Bd2 Rf8 32. Nef1 Qg4 33. Qxb7 Rxf1+ 34. Kxf1
Qd1+ 35. Be1 Qc2 36. Ne2 Nxg2 37. Qxe7 Ne3+ 38. Kg1 1-0

[Event "43rd IT Bosna 2013 - A"]
[Site "Sarajevo"]
[Date "2013.06.02"]
[Round "2.5"]
[White "Mestrovic, Zvonimir"]
[Black "Grandelius, Nils"]
[Result "0-1"]
[WhiteElo "2327"]
[BlackElo "2544"]
[PlyCount "58"]
[EventDate "2013.06.01"]

1. Nc3 c5 2. Nf3 Nc6 3. g3 d5 4. Bg2 Nf6 5. O-O d4 6. Na4 e5 7. c4 Bd6 8. d3 h6
9. e4 Bg4 10. a3 Nd7 11. Bd2 a6 12. b4 cxb4 13. axb4 b5 14. cxb5 axb5 15. Nc5
Bxc5 16. bxc5 Rxa1 17. Qxa1 O-O 18. Rc1 Qa8 19. Qb1 Qa4 20. Nh4 Ra8 21. Nf5 Qa2
22. Qxa2 Rxa2 23. Be1 Be2 24. Bf1 Bxf1 25. Kxf1 b4 26. Nd6 b3 27. Nc4 Rc2 28.
Ra1 Nxc5 29. Nd2 b2 0-1

[Event "43rd IT Bosna 2013 - A"]
[Site "Sarajevo"]
[Date "2013.06.02"]
[Round "2.6"]
[White "Predojevic, Borki"]
[Black "Nestorovic, Nikola"]
[Result "1/2-1/2"]
[WhiteElo "2616"]
[BlackElo "2405"]
[PlyCount "132"]
[EventDate "2013.06.01"]

1. e4 e5 2. Nf3 Nc6 3. Bb5 Nf6 4. d3 Ne7 5. O-O c6 6. Ba4 Ng6 7. Re1 Be7 8. d4
d6 9. c3 O-O 10. Nbd2 h6 11. Bc2 Nh7 12. Nc4 Be6 13. Ne3 Ng5 14. d5 Nxf3+ 15.
Qxf3 cxd5 16. exd5 Bd7 17. Nf5 Bxf5 18. Qxf5 Bg5 19. Bxg5 Qxg5 20. Qxg5 hxg5
21. Bxg6 fxg6 22. g3 Rac8 23. Re4 Rc5 24. Rd1 b5 25. Rg4 Rc4 26. Rxg5 Kh7 27.
h3 Kh6 28. Rg4 Rxg4 29. hxg4 Kg5 30. a4 Rb8 31. b4 Kxg4 32. Kg2 Kf5 33. Ra1 a6
34. axb5 Rxb5 35. Rxa6 Rxd5 36. c4 Rd4 37. b5 Rxc4 38. Rxd6 Rb4 39. Rb6 g5 40.
Rb8 g4 41. Kf1 Ke4 42. b6 Rb1+ 43. Ke2 Rb2+ 44. Ke1 Rb1+ 45. Ke2 Rb2+ 46. Kf1
Rb1+ 47. Kg2 Kf5 48. b7 Kg6 49. f4 Rb2+ 50. Kf1 exf4 51. gxf4 g3 52. Kg1 Kf7
53. f5 Rb1+ 54. Kg2 Rb3 55. Kh3 g2+ 56. Kxg2 Rb2+ 57. Kf3 Rb3+ 58. Ke4 Rb1 59.
Kd3 Rb6 60. f6 Kg6 61. Kd4 Rb1 62. Kd5 Kf7 63. Kd4 Rb2 64. Kc5 Rc2+ 65. Kd5 Rb2
66. Kc4 Rb1 1/2-1/2

[Event "43rd IT Bosna 2013 - A"]
[Site "Sarajevo"]
[Date "2013.06.02"]
[Round "2.7"]
[White "Markus, Robert"]
[Black "Sutkovic, Damir"]
[Result "1-0"]
[WhiteElo "2611"]
[BlackElo "2331"]
[PlyCount "67"]
[EventDate "2013.06.01"]

1. d4 Nf6 2. c4 c5 3. d5 e6 4. Nc3 exd5 5. cxd5 d6 6. e4 g6 7. Nf3 Bg7 8. Be2
O-O 9. O-O a6 10. a4 Bg4 11. Bf4 Nh5 12. Bg5 Qc7 13. Nd2 Bxe2 14. Qxe2 Nd7 15.
g4 Nhf6 16. Bf4 Ne8 17. Bg3 Bd4 18. Kh1 Ng7 19. Nc4 Ne5 20. Bxe5 dxe5 21. a5
Rad8 22. Na4 f5 23. gxf5 gxf5 24. Nab6 fxe4 25. Qxe4 Rf4 26. Qg2 Kh8 27. d6 Qf7
28. d7 Ne6 29. Ra3 Rg8 30. Nd6 Qf8 31. Rg3 Rxg3 32. hxg3 Qxd6 33. gxf4 Nxf4 34.
Qg5 1-0

[Event "43rd IT Bosna 2013 - A"]
[Site "Sarajevo"]
[Date "2013.06.02"]
[Round "2.8"]
[White "Stojanovic, Dalibor"]
[Black "Sebenik, Matej"]
[Result "1/2-1/2"]
[WhiteElo "2514"]
[BlackElo "2519"]
[PlyCount "116"]
[EventDate "2013.06.01"]

1. e4 e6 2. d4 d5 3. Nd2 c5 4. exd5 Qxd5 5. Ngf3 cxd4 6. Bc4 Qd7 7. O-O Nc6 8.
Nb3 Nf6 9. Nbxd4 Nxd4 10. Qxd4 Qxd4 11. Nxd4 Bc5 12. Nb3 Bb6 13. a4 a5 14. Be2
O-O 15. Bf4 Bd7 16. Bf3 Rac8 17. Rfc1 Bc6 18. Be3 Bxe3 19. fxe3 b6 20. Nd4 Bd5
21. c3 Rfd8 22. Rd1 Kf8 23. Bxd5 Rxd5 24. Nf3 Rxd1+ 25. Rxd1 Ke7 26. Kf1 Nd7
27. Nd2 f5 28. Ke2 g5 29. h3 Nf6 30. Nf3 h6 31. Rd4 Rc5 32. Nd2 e5 33. Rc4 Ne4
34. Rxc5 Nxc5 35. b3 Ke6 36. e4 f4 37. Kf3 h5 38. g4 h4 39. Ke2 Kf6 40. Kf3 Nd3
41. Ke2 Nc5 42. Kf3 Ke6 43. Ke2 Kd6 44. Nc4+ Kc7 45. Nxe5 Nxe4 46. Kf3 Nd2+ 47.
Ke2 Nxb3 48. Nf3 b5 49. Kd1 bxa4 50. Kc2 Nc5 51. Nxg5 Kd7 52. Nf3 Ne4 53. Nxh4
Ng5 54. Ng6 f3 55. Ne5+ Kd6 56. Nxf3 Nxf3 57. Kb2 Kc5 58. Ka3 Kb5 1/2-1/2

[Event "43rd IT Bosna 2013 - A"]
[Site "Sarajevo"]
[Date "2013.06.02"]
[Round "2.10"]
[White "Banusz, Tamas"]
[Black "Nestorovic, Dejan"]
[Result "1-0"]
[WhiteElo "2592"]
[BlackElo "2428"]
[PlyCount "69"]
[EventDate "2013.06.01"]

1. Nf3 Nc6 2. d4 d5 3. c4 Bg4 4. Nc3 e6 5. cxd5 exd5 6. Bf4 Bd6 7. Bg3 Bxf3 8.
gxf3 Nge7 9. e3 h5 10. Qc2 h4 11. Bxd6 Qxd6 12. Bh3 Nd8 13. O-O-O c6 14. f4 g6
15. Na4 b6 16. Kb1 Ne6 17. Nc3 Ng7 18. Ne2 Ngf5 19. Nc1 O-O 20. Rhg1 Qf6 21.
Nd3 Rfd8 22. Ne5 Rac8 23. Rg5 c5 24. Rdg1 Kh7 25. dxc5 Rxc5 26. Qd3 Rc7 27. a3
Rd6 28. Bxf5 Nxf5 29. Rh5+ gxh5 30. Rg5 Qe6 31. Rxf5 Kg8 32. Rg5+ Kf8 33. Qh7
d4 34. Rg7 Rd8 35. Qg8+ 1-0

[Event "43rd IT Bosna 2013 - A"]
[Site "Sarajevo"]
[Date "2013.06.02"]
[Round "2.13"]
[White "Kadric, Denis"]
[Black "Rasidovic, Sead"]
[Result "1-0"]
[WhiteElo "2460"]
[BlackElo "2381"]
[PlyCount "97"]
[EventDate "2013.06.01"]

1. e4 e6 2. d4 d5 3. Nd2 Nf6 4. e5 Nfd7 5. f4 c5 6. c3 Nc6 7. Ndf3 a5 8. Bd3
cxd4 9. cxd4 Nb6 10. Ne2 Bd7 11. Nc3 Be7 12. h4 a4 13. g3 Nb4 14. Bb1 Bc6 15.
a3 Na6 16. Ng5 g6 17. h5 Bxg5 18. fxg5 Kd7 19. Bc2 Nc7 20. Qf3 Qe7 21. Qf6 Nb5
22. Nxb5 Bxb5 23. Bf4 Rac8 24. Rh2 Rhg8 25. O-O-O Bc4 26. Kb1 Rce8 27. hxg6
fxg6 28. Rdh1 Rg7 29. Qxg7 Qxg7 30. Rxh7 Re7 31. Rxg7 Rxg7 32. Rh6 Nc8 33. Rxg6
Rxg6 34. Bxg6 Ne7 35. Bc2 b5 36. g6 Bb3 37. g7 Bxc2+ 38. Kxc2 Ke8 39. Bg5 Ng8
40. Kc3 Kf7 41. Kb4 Kxg7 42. Kxb5 Kg6 43. Be3 Kf5 44. Kxa4 Ne7 45. Kb5 Ke4 46.
Bg1 Nf5 47. a4 Nxd4+ 48. Bxd4 Kxd4 49. a5 1-0

[Event "43rd IT Bosna 2013 - A"]
[Site "Sarajevo"]
[Date "2013.06.02"]
[Round "2.14"]
[White "Haznedaroglu, Kivanc"]
[Black "Burovic, Ismet"]
[Result "0-1"]
[WhiteElo "2427"]
[BlackElo "2351"]
[PlyCount "108"]
[EventDate "2013.06.01"]

1. e4 c6 2. Ne2 d5 3. e5 c5 4. d4 Nc6 5. c3 cxd4 6. cxd4 Bg4 7. f3 Bd7 8. Nbc3
e6 9. f4 Nge7 10. g3 h5 11. Bh3 g6 12. O-O Nf5 13. Kg2 Qb6 14. Bxf5 gxf5 15.
Be3 h4 16. Rb1 Be7 17. b4 f6 18. Na4 Qd8 19. Nc5 b6 20. Nd3 a5 21. a3 axb4 22.
axb4 Kf7 23. Ng1 Ra2+ 24. Rf2 hxg3 25. hxg3 Qa8 26. Nf3 Ra3 27. exf6 Bxf6 28.
Rc2 Ke7 29. Bf2 Qg8 30. b5 Qh7 31. Qh1 Qxh1+ 32. Rxh1 Rxh1 33. Nde5 Nxe5 34.
dxe5 Bg7 35. Bxb6 Rxf3 36. Bc5+ Ke8 37. Kxf3 Rb1 38. b6 Bf8 39. Bd4 Rb4 40. Ke3
Be7 41. Rh2 Bc6 42. Rh8+ Kd7 43. Rh7 Rb3+ 44. Kd2 Kd8 45. Rh8+ Kd7 46. Rh7 Kd8
47. Rh8+ Be8 48. Kc2 Rb5 49. Rh6 Bc5 50. Bc3 Bf7 51. g4 fxg4 52. f5 g3 53. Rh8+
Kd7 54. Rh7 g2 0-1

[Event "43rd IT Bosna 2013 - A"]
[Site "Sarajevo"]
[Date "2013.06.02"]
[Round "3.2"]
[White "Papp, Gabor"]
[Black "Can, Emre"]
[Result "1-0"]
[WhiteElo "2582"]
[BlackElo "2475"]
[PlyCount "59"]
[EventDate "2013.06.01"]

1. e4 c5 2. c3 e6 3. d4 d5 4. e5 Nc6 5. Nf3 Bd7 6. Be2 f6 7. O-O fxe5 8. Nxe5
Nxe5 9. dxe5 Qc7 10. c4 d4 11. Bf4 O-O-O 12. b4 Ne7 13. bxc5 g5 14. Bxg5 Qxe5
15. Bxe7 Bxe7 16. Bf3 Bxc5 17. Nd2 h5 18. Re1 Qc7 19. Rb1 b6 20. Ne4 Rh6 21.
Qd2 Rg6 22. Qd3 Rdg8 23. Nxc5 Qxc5 24. Qe4 Kc7 25. Qb7+ Kd6 26. Qxa7 Bc6 27.
Bxc6 Kxc6 28. Rb5 Rxg2+ 29. Kh1 Qxc4 30. Rxb6+ 1-0

[Event "43rd IT Bosna 2013 - A"]
[Site "Sarajevo"]
[Date "2013.06.02"]
[Round "3.3"]
[White "Grandelius, Nils"]
[Black "Markus, Robert"]
[Result "1/2-1/2"]
[WhiteElo "2544"]
[BlackElo "2611"]
[PlyCount "32"]
[EventDate "2013.06.01"]

1. Nf3 Nf6 2. c4 d6 3. g3 g6 4. Bg2 Bg7 5. O-O O-O 6. Nc3 c5 7. d4 Nc6 8. dxc5
dxc5 9. Be3 Be6 10. Qa4 Qb6 11. Qb5 Nd7 12. Ng5 Nd4 13. Bxd4 cxd4 14. Nxe6 Qxe6
15. Nd5 Rab8 16. Qb4 Kh8 1/2-1/2

[Event "43rd IT Bosna 2013 - A"]
[Site "Sarajevo"]
[Date "2013.06.02"]
[Round "3.4"]
[White "Nestorovic, Nikola"]
[Black "Djukic, Nikola"]
[Result "1/2-1/2"]
[WhiteElo "2405"]
[BlackElo "2539"]
[PlyCount "94"]
[EventDate "2013.06.01"]

1. e4 c5 2. Nf3 Nc6 3. d4 cxd4 4. Nxd4 Qc7 5. Nc3 e6 6. Be3 a6 7. Qd2 Nf6 8.
O-O-O Bb4 9. f3 Ne5 10. Nb3 b5 11. Qe1 Be7 12. f4 Ng6 13. e5 Ng4 14. Ne4 O-O
15. Bc5 Bb7 16. h3 Nh6 17. Bxe7 Nxe7 18. Bd3 Nd5 19. Rf1 Nf5 20. Rf3 f6 21. g4
Nfe7 22. Nd6 fxe5 23. Nxb7 Qxb7 24. Qxe5 Rac8 25. Qe4 g6 26. Rdf1 Qb6 27. f5
exf5 28. gxf5 Rxf5 29. Rxf5 gxf5 30. Qe5 Qe3+ 31. Qxe3 Nxe3 32. Rf3 N7d5 33.
Bxf5 Nxf5 34. Rxf5 Rxc2+ 35. Kxc2 Ne3+ 36. Kc3 Nxf5 37. Nc5 a5 38. Nxd7 Kf7 39.
Ne5+ Kf6 40. Nc6 Kg5 41. Nxa5 Kh4 42. Nc6 Kxh3 43. Kb4 Kg3 44. Ne5 Kf4 45. Nd3+
Ke3 46. Ne5 Kf4 47. Nd3+ Ke3 1/2-1/2

[Event "43rd IT Bosna 2013 - A"]
[Site "Sarajevo"]
[Date "2013.06.02"]
[Round "3.7"]
[White "Kozul, Zdenko"]
[Black "Mestrovic, Zvonimir"]
[Result "1-0"]
[WhiteElo "2606"]
[BlackElo "2327"]
[PlyCount "67"]
[EventDate "2013.06.01"]

1. d4 Nc6 2. Nf3 d6 3. c4 e5 4. Nc3 Bg4 5. d5 Nce7 6. e4 Ng6 7. g3 Nf6 8. h4
Be7 9. Be2 O-O 10. Be3 c6 11. Nd2 h5 12. Bg5 Bxe2 13. Qxe2 Qb6 14. Nf1 Nh7 15.
Bc1 Qa6 16. Ne3 Nf6 17. Nf5 Bd8 18. Bg5 Ng4 19. f3 Nf6 20. dxc6 bxc6 21. Rd1
Ne8 22. Bxd8 Rxd8 23. c5 Qxe2+ 24. Kxe2 Rb8 25. Rd2 dxc5 26. Na4 Nf6 27. Nxc5
Rfd8 28. Rxd8+ Rxd8 29. Rc1 Rb8 30. Nd3 Rb6 31. Nd6 Nd7 32. Nc4 Rb8 33. b3 Ne7
34. Ncxe5 1-0

[Event "43rd IT Bosna 2013 - A"]
[Site "Sarajevo"]
[Date "2013.06.02"]
[Round "3.8"]
[White "Jakovljevic, Vlado"]
[Black "Banusz, Tamas"]
[Result "0-1"]
[WhiteElo "2440"]
[BlackElo "2592"]
[PlyCount "64"]
[EventDate "2013.06.01"]

1. Nf3 d5 2. d4 Nf6 3. c4 e6 4. Nc3 c6 5. Bg5 dxc4 6. e4 b5 7. e5 h6 8. Bh4 g5
9. Nxg5 hxg5 10. Bxg5 Nbd7 11. g3 Bb7 12. Bg2 Qc7 13. exf6 c5 14. d5 b4 15. Nb5
Qb6 16. dxe6 Qxe6+ 17. Be3 O-O-O 18. Bxb7+ Kxb7 19. Qa4 a6 20. O-O-O Qc6 21.
Nc3 bxc3 22. Qxc4 cxb2+ 23. Kb1 Bd6 24. Qxf7 Be5 25. Qd5 Bxf6 26. h4 Nb6 27.
Qxc5 Qe4+ 28. Qc2 Qxc2+ 29. Kxc2 Nc4 30. Kb3 Rxd1 31. Rxd1 Nxe3 32. fxe3 Rc8
0-1

[Event "43rd IT Bosna 2013 - A"]
[Site "Sarajevo"]
[Date "2013.06.02"]
[Round "3.10"]
[White "Burovic, Ismet"]
[Black "Stojanovic, Dalibor"]
[Result "1/2-1/2"]
[WhiteElo "2351"]
[BlackElo "2514"]
[PlyCount "42"]
[EventDate "2013.06.01"]

1. e4 c5 2. d3 g6 3. f4 Bg7 4. Nf3 Nc6 5. g3 e6 6. Bg2 Nge7 7. O-O O-O 8. c3 b6
9. Re1 Ba6 10. Na3 Rc8 11. Nc2 Qc7 12. Be3 f5 13. exf5 Nxf5 14. Bf2 Qd6 15. Bf1
Rce8 16. Qd2 Qd5 17. Re4 Nd6 18. Re3 Nf5 19. Re4 Nd6 20. Re3 Nf5 21. Re4 Nd6
1/2-1/2